000 00454nam a2200169Ia 4500
005 20260429111908.0
008 260429s9999||||xx |||||||||||||| ||und||
020 _a9789358877328
041 _aEnglish
082 _a630.2515
_bRAO
100 _aRao, Prasada
245 0 _aAgrometeorology of plantation crops /
_cPrasada Rao
260 _aNew Delhi :
_bNipa,
_c2025.
300 _axvii, 307 p.; hb
650 _aAgricultural meteorology
942 _cTB
999 _c51318
_d51318